| 000 | 00814cab a2200241 4500 | ||
|---|---|---|---|
| 001 | ABS56099 | ||
| 008 | 090401t1996 xxu||||| |||| 00| 0 eng d | ||
| 035 | _a(Sirsi) u21179 | ||
| 041 | _aeng | ||
| 245 | _aNational Westminster Bank Plc v Kitch | ||
| 260 | _c1996 | ||
| 350 | _a0 | ||
| 490 |
_aWeekly Law Reports _v[1996] 1 WLR 1316-1325(4) |
||
| 520 | _aCA 3 May 1996. Distinguishes between debt claims against a mortgage and debt claims not covered by RSC Ord 88. Dismissed appeal action by bank as not being a mortgage action as writ made to recover debt did not mention the mortgage. | ||
| 650 | _aDEBT | ||
| 650 | _aMORTGAGE ACTIONS | ||
| 650 | _aMORTGAGES | ||
| 650 | _aOVERDRAFTS | ||
| 650 | _aRSC ORD 88 | ||
| 690 | _aPROPERTY LAW AND PRACTICE-CASE LAW | ||
| 942 | _n0 | ||
| 948 | _c04/03/1997 | ||
| 999 |
_c14215 _d14215 |
||